О героях и могилах: роман

Podrobná bibliografie
Hlavní autor: Сабато Э. Эрнесто
Další autoři: Лысенко Е. (переводчик), Земсков В. (автор послесловия)
Jazyk:ruština
Vydáno: Москва, Радуга, 1990
Témata:
Médium: MixedMaterials Kniha
KOHA link:https://koha.lib.tpu.ru/cgi-bin/koha/opac-detail.pl?biblionumber=162593

MARC

LEADER 00000nam0a2200000 4500
001 162593
005 20231031160423.0
010 |a 5050023815 
035 |a (RuTPU)RU\TPU\book\176346 
090 |a 162593 
100 |a 20090624d1990 m y0rusy50 ca 
101 1 |a rus  |c spa 
102 |a RU 
105 |a a z 000ay 
200 1 |a О героях и могилах  |e роман  |f Э. Сабато  |g пер. с исп. Е. Лысенко ; авт. послесл. В. Земсков 
210 |a Москва  |c Радуга  |d 1990 
215 |a 544 с.  |c ил. 
610 1 |a испанская литература 
610 1 |a романы 
675 |a 86  |v 3 
700 1 |a Сабато  |b Э.  |g Эрнесто 
702 1 |a Лысенко  |b Е.  |4 730 
702 1 |a Земсков  |b В.  |4 075 
801 1 |a RU  |b 63413507  |c 20090624  |g PSBO 
942 |c BK